MARC

LEADER 00000nam0a2200000 4500
001 317444
005 20231102002957.0
020 |a RU  |b 82-33536 
035 |a (RuTPU)RU\TPU\book\342912 
090 |a 317444 
100 |a 20160408d1982 km y0rusy5003 ca 
101 0 |a rus 
102 |a MD 
105 |a a z 001zy 
200 1 |a Кинетика неравновесных электронных и электрон-колебательных систем  |e сборник статей  |f Академия наук Молдавской ССР (АН МССР), Институт прикладной физики ; под ред. В. А. Коварского 
210 |a Кишинев  |c Штиинца  |d 1982 
215 |a 138 с.  |c ил. 
320 |a Библиогр. в конце ст. 
606 1 |a Неравновесные процессы  |x Кинетика  |2 stltpush  |3 (RuTPU)RU\TPU\subj\45503  |9 64703 
610 1 |a электронные системы 
610 1 |a колебательные системы 
610 1 |a лазерное излучение 
610 1 |a молекулы 
610 1 |a примесные центры 
610 1 |a кристаллы 
610 1 |a бистабильность 
610 1 |a оптические свойства 
610 1 |a низкочастотное радиоизлучение 
610 1 |a ультразвуковое излучение 
610 1 |a примесные полупроводники 
675 |a 539.194  |z rus  |v 3 
702 1 |a Коварский  |b В. А.  |g Виктор Анатольевич  |4 340 
712 0 2 |a Академия наук Молдавской ССР (АН МССР)  |b Институт прикладной физики  |c (Кишинев)  |2 stltpush  |3 (RuTPU)RU\TPU\col\11347 
801 0 |a RU  |b RuMRKP  |c 19950704  |g psbo 
801 1 |a RU  |b 63413507  |c 20160408 
801 2 |a RU  |b 63413507  |c 20191223  |g RCR 
942 |c BK